000 00534nam a2200193Ia 4500
001 19024
003 GE_BSU
008 181216s||||||||xx |||||||||||||| ||und||
040 _cGE_BSU
245 _aВопросы философии, №4. 2016.
245 _cГл.ред.Пружинин Борис Исаевич и др.
260 _aМосква
260 _bНаука
260 _c2016
300 _a224стр,24см
653 _aВопросы философии
653 _aპერიოდიკა
942 _cCR
999 _c52020
_d52020